| 000 | 00000nam 2200000zi 4500 |
| 001 | 9.945521 |
| 003 | CaOODSP |
| 005 | 20241126162752 |
| 006 | m o d f |
| 007 | cr bn||||||||| |
| 008 | 241125s1981####onc o f000 0 fre d |
| 040 | |aCaOODSP|bfre|erda|cCaOODSP |
| 043 | |an-cn--- |
| 086 | 1 |aE2-100/1981F-PDF |
| 110 | 1 |aCanada. |bDepartment of External Affairs, |eauteur.|eorganisme de publication. |
| 245 | 10|aRéponse du gouvernement au rapport du groupe de travail parlementaire sur les relations Nord-Sud. |
| 264 | 1|a[Ottawa] : |bAffaires extérieures Canada = External Affairs Canada, |c[1981]. |
| 300 | |a1 ressource en ligne (11 pages) |
| 336 | |atexte|btxt|2rdacontent/fre |
| 337 | |ainformatique|bc|2rdamedia/fre |
| 338 | |aressource en ligne|bcr|2rdacarrier/fre |
| 500 | |aÉdition numérisée de l'imprimée [par Direction des publications du gouvernement du Canada]. |
| 500 | |aPublié aussi en anglais sous le titre : Government response to the report of the Parliamentary Task Force on North-South Relations. |
| 650 | 6|aRelations internationales. |
| 650 | 6|aRelations économiques internationales. |
| 710 | 1 |aCanada|bParlement|bChambre des communes|bGroupe de travail parlementaire sur les relations Nord-Sud, |eorganisme de publication. |
| 775 | 08|tGovernment response to the report of the Parliamentary Task Force on North-South Relations.|w(CaOODSP)9.945100 |
| 856 | 40|qPDF|s1.22 Mo|uhttps://publications.gc.ca/collections/collection_2024/amc-gac/E2-100-1981-fra.pdf |